Hare sa sako pagdoot: (Record no. 6576)

MARC details
000 -LEADER
fixed length control field 00502nam a22001697a 4500
003 - CONTROL NUMBER IDENTIFIER
control field OSt
005 - DATE AND TIME OF LATEST TRANSACTION
control field 20251128152204.0
008 - FIXED-LENGTH DATA ELEMENTS--GENERAL INFORMATION
fixed length control field 251128b |||||||| |||| 00| 0 eng d
040 ## - CATALOGING SOURCE
Original cataloging agency DWC-Main Lib.
Transcribing agency OC
082 ## - DEWEY DECIMAL CLASSIFICATION NUMBER
Classification number SC. 899.2113 R529h 1962
100 ## - MAIN ENTRY--PERSONAL NAME
Personal name Rizal, Jose
245 ## - TITLE STATEMENT
Title Hare sa sako pagdoot:
Remainder of title noli me tangere/
Statement of responsibility, etc. Jose Rizal
260 ## - PUBLICATION, DISTRIBUTION, ETC.
Place of publication, distribution, etc. Manila:
Name of publisher, distributor, etc. Comision Nin Centenario ni Jose Rizal,
Date of publication, distribution, etc. c1962.
300 ## - PHYSICAL DESCRIPTION
Extent xv, 487,xv p. ;
Dimensions 25 cm.
650 ## - SUBJECT ADDED ENTRY--TOPICAL TERM
Topical term or geographic name entry element Noli Me Tangere.
942 ## - ADDED ENTRY ELEMENTS (KOHA)
Source of classification or shelving scheme Dewey Decimal Classification
Koha item type Special Collection
Call number prefix SC.
Suppress in OPAC No
952 ## - LOCATION AND ITEM INFORMATION (KOHA)
--
952 ## - LOCATION AND ITEM INFORMATION (KOHA)
--
952 ## - LOCATION AND ITEM INFORMATION (KOHA)
--
952 ## - LOCATION AND ITEM INFORMATION (KOHA)
--
Holdings
Withdrawn status Lost status Source of classification or shelving scheme Damaged status Not for loan Home library Current library Shelving location Total Checkouts Full call number Barcode Date last seen Copy number Price effective from Koha item type Uniform Resource Identifier
    Dewey Decimal Classification     College Library College Library Special Collection   SC. 899.2113 R529h 1962 CL49048 11/28/2025 c1 11/28/2025 SC
    Dewey Decimal Classification     College Library College Library Special Collection   SC. 899.2113 R529h 1962 CL23745 11/28/2025 c2 11/28/2025 SC
    Dewey Decimal Classification     College Library College Library Special Collection   SC. 899.2113 R529h 1962 CL23744 11/28/2025 c3 11/28/2025 SC
    Dewey Decimal Classification     College Library College Library Special Collection   SC. 899.2113 R529h 1962 CL23743 11/28/2025 c3 11/28/2025 SC